| 000 | 00449cam a2200193ua 4500 | ||
|---|---|---|---|
| 020 | _c2.00 | ||
| 041 |
_aeng _h |
||
| 082 |
_a542 _bTUL.CH |
||
| 100 | _aTuly, G D . | ||
| 245 |
_aChemical calculations / _cG D Tuly. _hTextual Documents |
||
| 250 |
_a12 / _b. |
||
| 260 |
_aNew Delhi : _bS.Chand and Co , _c1965. |
||
| 300 | _a168 ; . | ||
| 365 | _a2.00 | ||
| 504 | _a | ||
| 700 | 1 | _aSoni, P L . | |
| 942 | _cBK | ||
| 999 |
_c10722 _d10722 |
||